<?xml version="1.0" encoding="UTF-8"?>
<record
    xmlns:xsi="http://www.w3.org/2001/XMLSchema-instance"
    xsi:schemaLocation="http://www.loc.gov/MARC21/slim http://www.loc.gov/standards/marcxml/schema/MARC21slim.xsd"
    xmlns="http://www.loc.gov/MARC21/slim">

  <leader>01649nam a22003017a 4500</leader>
  <controlfield tag="001"> </controlfield>
  <controlfield tag="003">DO-SdBNP</controlfield>
  <controlfield tag="005">20210917100632.0</controlfield>
  <controlfield tag="007">0008241</controlfield>
  <controlfield tag="008">160613b  2013 nyu  a  || 00| 0 spa d</controlfield>
  <datafield tag="020" ind1=" " ind2=" ">
    <subfield code="a">9789280646580</subfield>
  </datafield>
  <datafield tag="040" ind1=" " ind2=" ">
    <subfield code="b">BPMSU</subfield>
    <subfield code="c">spa</subfield>
    <subfield code="d">BPMSU</subfield>
  </datafield>
  <datafield tag="082" ind1=" " ind2=" ">
    <subfield code="2">22</subfield>
    <subfield code="a">362.4</subfield>
    <subfield code="b"> F673e</subfield>
  </datafield>
  <datafield tag="092" ind1=" " ind2=" ">
    <subfield code="a"> </subfield>
    <subfield code="b"> </subfield>
  </datafield>
  <datafield tag="110" ind1="2" ind2=" ">
    <subfield code="b">Fondo de las Naciones Unidas para la Infancia  </subfield>
  </datafield>
  <datafield tag="245" ind1="1" ind2="0">
    <subfield code="a">Estado mundial de la infancia, 2013 :</subfield>
    <subfield code="b">ni&#xF1;as y ni&#xF1;os con discapacidad / </subfield>
  </datafield>
  <datafield tag="246" ind1="1" ind2="3">
    <subfield code="a">Informe, 2013</subfield>
  </datafield>
  <datafield tag="260" ind1=" " ind2=" ">
    <subfield code="a">Nueva York :  </subfield>
    <subfield code="b">UNICEF,</subfield>
    <subfield code="c">2013.</subfield>
  </datafield>
  <datafield tag="300" ind1=" " ind2=" ">
    <subfield code="a">154 p. : </subfield>
    <subfield code="b">il., gr&#xE1;ficos, mapas ;</subfield>
    <subfield code="c">28 cm.</subfield>
  </datafield>
  <datafield tag="520" ind1=" " ind2=" ">
    <subfield code="2">El estado mundial de la infancia 2013: Ni&#xF1;as y ni&#xF1;os con discapacidad examina los obst&#xE1;culos, desde los edificios inaccesibles hasta las actitudes desde&#xF1;osas, desde la invisibilidad en las estad&#xED;sticas oficiales hasta la m&#xE1;s despiadada discriminaci&#xF3;n&#x2013; que privan a los ni&#xF1;os y ni&#xF1;as con discapacidad de sus derechos y les impiden participar plenamente en la sociedad. El informe tambi&#xE9;n presenta algunos de los elementos clave de las sociedades inclusivas que respetan y protegen los derechos de todos los ni&#xF1;os y ni&#xF1;as, independientemente de su discapacidad, y avanzan en la tarea de ayudar a que todos los ni&#xF1;os y ni&#xF1;as puedan prosperar y hacer su contribuci&#xF3;n al mundo.</subfield>
  </datafield>
  <datafield tag="590" ind1=" " ind2=" ">
    <subfield code="6">Inventariado, 2021/ VM</subfield>
  </datafield>
  <datafield tag="650" ind1=" " ind2="4">
    <subfield code="a">Ni&#xF1;os con discapacidades </subfield>
    <subfield code="x">Asistencia social.</subfield>
    <subfield code="d"> </subfield>
    <subfield code="e">.</subfield>
  </datafield>
  <datafield tag="650" ind1=" " ind2="4">
    <subfield code="a">Trabajo infantil</subfield>
    <subfield code="v">formes </subfield>
    <subfield code="y">2013.</subfield>
  </datafield>
  <datafield tag="650" ind1=" " ind2="4">
    <subfield code="a">Educaci&#xF3;n de ni&#xF1;os con discapacidades.</subfield>
    <subfield code="y"> </subfield>
  </datafield>
  <datafield tag="650" ind1=" " ind2="4">
    <subfield code="a">Ni&#xF1;os con discapacidades</subfield>
    <subfield code="x">Aspectos sociales</subfield>
    <subfield code="v">Estad&#xED;sticas.</subfield>
  </datafield>
  <datafield tag="910" ind1=" " ind2=" ">
    <subfield code="a">VMateo V. </subfield>
  </datafield>
  <datafield tag="942" ind1=" " ind2=" ">
    <subfield code="2">ddc</subfield>
    <subfield code="c">BK</subfield>
  </datafield>
  <datafield tag="952" ind1=" " ind2=" ">
    <subfield code="0">0</subfield>
    <subfield code="1">0</subfield>
    <subfield code="2">ddc</subfield>
    <subfield code="4">0</subfield>
    <subfield code="7">0</subfield>
    <subfield code="a">BPMET</subfield>
    <subfield code="b">BPMET</subfield>
    <subfield code="d">2016-06-13</subfield>
    <subfield code="e">Biblioteca Nacional Pedro Henr&#xED;quez Ure&#xF1;a</subfield>
    <subfield code="l">0</subfield>
    <subfield code="o">BPMSU CD 362.4  F673e 2013</subfield>
    <subfield code="p">BPMSU16060170</subfield>
    <subfield code="r">2016-06-13</subfield>
    <subfield code="t"> </subfield>
    <subfield code="w">2016-06-13</subfield>
    <subfield code="y">BK</subfield>
  </datafield>
  <datafield tag="999" ind1=" " ind2=" ">
    <subfield code="c">10367</subfield>
    <subfield code="d">10367</subfield>
  </datafield>
</record>
